00582nam a2200193Ia 4500003000900000008004100009020001800050040001600068080002200084245008600106260004200192300001400234650004100248650001400289650002700303650001300330700002100343700002400364IN-BaIIA211028s9999 xx 000 0 eng d a90-277-0895-9 cIIA Library a082.2:52bIAU-S79 4aThe large scale structure of the universecedited by M.S. Longair and J. Einasto. aDordrechtbD. Reidel Publishingc1978 axx, 464p. aAstronomy and Astrophysics Thesaurus aCosmology aLarge scale s tructure aUniverse aEinasto, J., ed. aLongair, M. S., ed.